000
00280nam a2200121Ia 4500
008
170203s9999 xx 000 0 und d
020
_a
8178132761
050
_a
Fic
050
_b
.C883
245
4
_a
The Crab and the Heron /
260
_a
India :
260
_b
Sunrise Publishers
999
_c
306026
_d
306026